00474nam a2200121Ia 4500041001200000082001200012100002400024245011100048260006000159300001000219536004600229650007700275 aEnglish aRP.0340 aPande, S.V.uManasi 0aRehabilitation of aged : ba study of functioning and performance of old age homes in India / cS.V. Pande aNew Delhi :bIndian Council oF Social Science Research, a205p. aIndian Council of Social Science Research aRehabilitationvPeer counseling in rehabilitationxRehabilitationzIndia